000 01071nam a22003737a 4500
001 00746
003 DO-SdBNP
005 20180131104652.0
007 00746
008 151105b 1999 sp ||||| |||| 00| 0 spa d
020 _a8479712325
040 _aBPMSU
_bspa
_cBPMSU
041 1 7 _aspa
_h
092 _a813
_bH145m
100 1 _aRider Haggard, Henry,
_d1856-1925
240 _a
_l
245 1 4 _aLas minas del rey salomón /
_cHenry Rider Haggard
260 _aMadrid :
_bServilibro,
_c1999
300 _a126 p. :
_bil.,
_c20 cm.
490 1 0 _aClásicos universales
490 1 0 _a
_v
504 _aIncluye referencias bibliográficas y notas al pie de las páginas
504 _aBibliografías : p.254-255
650 _aNOVELA INGLESA
650 _aLITERATURA INGLESA
700 1 0 _aCasas, Flora,
_etr.
700 1 0 _aBarboza, Justo,
_eil.
830 0 0 _aTus libros
830 0 0 _aAventuras
_n13
942 _2ddc
_cBK
945 _aInventariado, 2018 / BT
956 _aVMATEO
_210
_320160313
_6BPMSU
_800151
956 _aValidado. Control de calidad MFF
999 _c9274
_d9274